Židovská ročenka ...

Podrobná bibliografia
Korporatívny autor: Rada židovských náboženských obcí (Praha, Česko)
Médium: Časopis
Jazyk:čeština
Fyzický popis:zv. 21 cm
Vydavateľské údaje: Praha Federace židovských obcí v České republice 1954-
ISBN:9788087453148
9788087453162
ISSN:0514-3616
Predmet:

MARC

LEADER 00000nas a2200000 a 4500
001 vtls010659081
003 SK-MaSNL
005 20260228163632.0
008 180530c19549999xr ar p |01 b0cze c
020 |a 9788087453148  |q (2016/2017 : brož.) 
020 |a 9788087453162  |q (2017/2018 : brož.) 
022 |a 0514-3616 
040 |a SVKPO  |b slo  |c SVKPO  |e AACR2 
041 0 |a cze 
044 |a xr  |c CZ 
080 |a 26  |2 2001 
080 |a 323.12"1939/1945  |2 2001 
080 |a (=411.16)  |2 2001 
210 0 |a Žid. roč. 
222 0 |a Židovská ročenka ... 
245 0 0 |a Židovská ročenka ... 
246 3 3 |a Židovská ročenka na rok ... 
260 |a Praha  |b Federace židovských obcí v České republice  |c 1954- 
300 |a zv.  |c 21 cm 
310 |a 1x ročne (vychádza nepravidelne) 
362 0 |a 1954/55- 
500 |a Ročenka v rokoch 1954-1965 vychádzala pod názvom: Židovská ročenka na rok ... 
550 |a Predošlý vydavateľ v r.1954-1989: Ústřední církevní nakladatelství 
550 |a Predošlý vydavateľ v r.1990-1994: Federace židovských náboženských obcí v ČR 
550 |a Predošlý vydavateľ v r.1995-2006: Židovská obec v Praze 
650 0 7 |a judaizmus  |2 SNKPH  |9 1840 
650 0 7 |a holokaust (1939-1945)  |2 SNKPH  |9 160313 
650 0 7 |a Židia  |2 SNKPH  |9 3760 
655 7 |a židovské časopisy  |9 271403 
710 2 |a Rada židovských náboženských obcí (Praha, Česko)  |9 274426 
919 |a 978-80-87453-14-8 
919 |a 978-80-87453-16-2 
999 |c 10079  |d 12009 
952 |0 0  |1 1  |4 0  |7 0  |a SNK  |b SNK  |d 1999-12-07  |l 0  |o snkČD 209/1983-1984  |p 17A0220880  |r 2005-01-02 00:00:00  |w 2026-02-21  |y PREZ 
952 |0 0  |1 1  |4 0  |7 0  |a SNK  |b SNK  |d 1999-12-07  |l 0  |o snkČD 209/1983-1984  |p 17A0220957  |r 2005-01-02 00:00:00  |w 2026-02-21  |y PREZ 
952 |0 0  |1 1  |4 0  |7 0  |a SNK  |b SNK  |d 1999-12-07  |l 0  |o snkČD 209/1981-1982  |p 17A0220910  |r 2005-01-02 00:00:00  |w 2026-02-21  |y PREZ 
952 |0 0  |1 1  |4 0  |7 0  |a SNK  |b SNK  |d 1999-12-07  |l 0  |o snkČD 209/1988-1989  |p 17A0220884  |r 2005-01-02 00:00:00  |w 2026-02-21  |y PREZ 
952 |0 0  |1 1  |4 0  |7 0  |a SNK  |b SNK  |d 1999-12-07  |l 0  |o snkČD 209/1986-1987  |p 17A0220885  |r 2005-01-02 00:00:00  |w 2026-02-21  |y PREZ 
952 |0 0  |1 1  |4 0  |7 0  |a SNK  |b SNK  |d 1999-12-07  |l 0  |o snkČD 209/1985-1986  |p 17A0220917  |r 2005-01-02 00:00:00  |w 2026-02-21  |y PREZ 
952 |0 0  |1 1  |4 0  |7 0  |a SNK  |b SNK  |d 1999-12-07  |l 0  |o snkČD 209/1987-1988  |p 17A0220882  |r 2005-01-02 00:00:00  |w 2026-02-21  |y PREZ 
952 |0 0  |1 1  |4 0  |7 0  |a SNK  |b SNK  |d 1999-12-07  |l 0  |o snkČD 209/1982-1983  |p 17A0220856  |r 2005-01-02 00:00:00  |w 2026-02-21  |y PREZ 
952 |0 0  |1 1  |4 0  |7 0  |a SNK  |b SNK  |d 1999-12-07  |l 0  |o snkČD 209/1990-1991  |p 17A0220958  |r 2005-01-02 00:00:00  |w 2026-02-21  |y PREZ 
952 |0 0  |1 1  |4 0  |7 0  |a SNK  |b SNK  |d 1998-09-08  |l 0  |o snkČD 209/1974-1975  |p 17A0159646  |r 2005-01-02 00:00:00  |w 2026-02-21  |y PREZ 
952 |0 0  |1 1  |4 0  |7 0  |a SNK  |b SNK  |d 1999-12-07  |l 0  |o snkČD 209/1989-1990  |p 17A0220932  |r 2005-01-02 00:00:00  |w 2026-02-21  |y PREZ 
952 |0 0  |1 1  |4 0  |7 0  |a SNK  |b SNK  |d 1998-09-08  |l 0  |o snkČD 209/1972-1973  |p 17A0159649  |r 2005-01-02 00:00:00  |w 2026-02-21  |y PREZ 
952 |0 0  |1 1  |4 0  |7 0  |a SNK  |b SNK  |d 1998-09-08  |l 0  |o snkČD 209/1971-1972  |p 17A0159762  |r 2005-01-02 00:00:00  |w 2026-02-21  |y PREZ 
952 |0 0  |1 1  |4 0  |7 0  |a SNK  |b SNK  |d 1998-09-08  |l 0  |o snkČD 209/1970-1971  |p 17A0159809  |r 2005-01-02 00:00:00  |w 2026-02-21  |y PREZ 
952 |0 0  |1 1  |4 0  |7 0  |a SNK  |b SNK  |d 1998-09-08  |l 0  |o snkČD 209/1968-1969  |p 17A0159467  |r 2005-01-02 00:00:00  |w 2026-02-21  |y PREZ 
952 |0 0  |1 1  |4 0  |7 0  |a SNK  |b SNK  |d 1998-09-08  |l 0  |o snkČD 209/1973-1974  |p 17A0159648  |r 2005-01-02 00:00:00  |w 2026-02-21  |y PREZ 
952 |0 0  |1 1  |4 0  |7 0  |a SNK  |b SNK  |d 1998-09-08  |l 0  |o snkČD 209/1961-1962  |p 17A0159789  |r 2005-01-02 00:00:00  |w 2026-02-21  |y PREZ 
952 |0 0  |1 1  |4 0  |7 0  |a SNK  |b SNK  |d 1998-09-08  |l 0  |o snkČD 209/1967-1968  |p 17A0159306  |r 2005-01-02 00:00:00  |w 2026-02-21  |y PREZ 
952 |0 0  |1 1  |4 0  |7 0  |a SNK  |b SNK  |d 1998-09-08  |l 0  |o snkČD 209/1960-1961  |p 17A0159790  |r 2005-01-02 00:00:00  |w 2026-02-21  |y PREZ 
952 |0 0  |1 1  |4 0  |7 0  |a SNK  |b SNK  |d 1998-09-08  |l 0  |o snkČD 209/1977-1978  |p 17A0159793  |r 2005-01-02 00:00:00  |w 2026-02-21  |y PREZ 
952 |0 0  |1 1  |4 0  |7 0  |a SNK  |b SNK  |d 1998-09-08  |l 0  |o snkČD 209/1966-1967  |p 17A0159689  |r 2005-01-02 00:00:00  |w 2026-02-21  |y PREZ 
952 |0 0  |1 1  |4 0  |7 0  |a SNK  |b SNK  |d 1998-09-08  |l 0  |o snkČD 209/1965-1966  |p 17A0159782  |r 2005-01-02 00:00:00  |w 2026-02-21  |y PREZ 
952 |0 0  |1 1  |4 0  |7 0  |a SNK  |b SNK  |d 1998-09-08  |l 0  |o snkČD 209/1964-1965  |p 17A0159430  |r 2005-01-02 00:00:00  |w 2026-02-21  |y PREZ 
952 |0 0  |1 1  |4 0  |7 0  |a SNK  |b SNK  |d 1998-09-08  |l 0  |o snkČD 209/1978-1979  |p 17A0159932  |r 2005-01-02 00:00:00  |w 2026-02-21  |y PREZ 
952 |0 0  |1 1  |4 0  |7 0  |a SNK  |b SNK  |d 1998-09-08  |l 0  |o snkČD 209/1976-1977  |p 17A0159431  |r 2005-01-02 00:00:00  |w 2026-02-21  |y PREZ 
952 |0 0  |1 1  |4 0  |7 0  |a SNK  |b SNK  |d 1998-09-08  |l 0  |o snkČD 209/1975-1976  |p 17A0159654  |r 2005-01-02 00:00:00  |w 2026-02-21  |y PREZ 
952 |0 0  |1 1  |4 0  |7 0  |a SNK  |b SNK  |d 1998-09-08  |l 0  |o snkČD 209/1959-1960  |p 17A0159791  |r 2005-01-02 00:00:00  |w 2026-02-21  |y PREZ 
952 |0 0  |1 1  |4 0  |7 0  |a SNK  |b SNK  |d 1998-09-08  |l 0  |o snkČD 209/1955-1956  |p 17A0159794  |r 2005-01-02 00:00:00  |w 2026-02-21  |y PREZ 
952 |0 0  |1 1  |4 0  |7 0  |a SNK  |b SNK  |d 1998-09-08  |l 0  |o snkČD 209/1957-1958  |p 17A0159795  |r 2005-01-02 00:00:00  |w 2026-02-21  |y PREZ 
952 |0 0  |1 1  |4 0  |7 0  |a SNK  |b SNK  |d 1998-09-08  |l 0  |o snkČD 209/1954-1955  |p 17A0159797  |r 2005-01-02 00:00:00  |w 2026-02-21  |y PREZ 
952 |0 0  |1 1  |4 0  |7 0  |a SNK  |b SNK  |d 1998-09-08  |l 0  |o snkČD 209/1969-1970  |p 17A0159798  |r 2005-01-02 00:00:00  |w 2026-02-21  |y PREZ 
952 |0 0  |1 1  |4 0  |7 0  |a SNK  |b SNK  |d 1998-09-08  |l 0  |o snkČD 209/1969-1970  |p 17A0159305  |r 2005-01-02 00:00:00  |w 2026-02-21  |y PREZ 
952 |0 0  |1 1  |4 0  |7 0  |a SNK  |b SNK  |d 1998-09-08  |l 0  |o snkČD 209/1963-1964  |p 17A0159784  |r 2005-01-02 00:00:00  |w 2026-02-21  |y PREZ 
952 |0 0  |1 1  |4 0  |7 0  |a SNK  |b SNK  |d 1998-09-08  |l 0  |o snkČD 209/1962-1963  |p 17A0159304  |r 2005-01-02 00:00:00  |w 2026-02-21  |y PREZ